| 000 | 00628nam a2200193 a 4500 | ||
|---|---|---|---|
| 005 | 20140310183501.0 | ||
| 008 | 100225s19uu xx 00 eng d | ||
| 020 | _a9781412958707 | ||
| 050 |
_aLB 3013 _b.So628 2009 |
||
| 100 | _aSousa, David A. | ||
| 245 |
_aHow the brain influences behavior : _bmanagement strategies for every classroom / _cDavid A. Sousa. |
||
| 260 |
_aCalifornia : _bCorwin Press, _cc2009. |
||
| 300 |
_a251 p. : _bill. col. ; _c26 cm. |
||
| 521 | _aPSYCH | ||
| 650 | _aClassroom management. | ||
| 650 |
_aProblem children _xBehavior modification. 3. Brain. |
||
| 942 |
_cBK _2lcc _kFOR |
||
| 999 |
_c23918 _d23918 |
||